[Event "IBCA-ol blind 14th"]
[Site "Chennai"]
[Date "2012.08.19"]
[Round "9.3"]
[White "Znuderl, Matej"]
[Black "Nistor, Mihai"]
[Result "1-0"]
[WhiteElo "1986"]
[BlackElo "1925"]
[PlyCount "43"]
[EventDate "2012.08.10"]
[EventType "team-swiss"]
[EventRounds "9"]
[EventCountry "IND"]
[SourceTitle "CBM 149 Extra"]
[Source "ChessBase"]
[SourceDate "2012.08.24"]
[SourceVersion "1"]
[SourceVersionDate "2012.08.24"]
[SourceQuality "1"]
[WhiteTeam "Slovenia"]
[BlackTeam "Romania"]
[WhiteTeamCountry "SLO"]
[BlackTeamCountry "ROU"]

1. c4 Nf6 2. g3 g6 3. Bg2 Bg7 4. Nc3 0-0 5. d4 d6 6. e4 e5 7. Nf3 Nbd7 8. d5 Nb6 9. 0-0 a5 10. b3 Ne8 11. Bb2 f5 12. Qe2 Nf6 13. Ng5 h6 14. Ne6 Bxe6 15. dxe6 c6 16. Rad1 Qc7 17. Rd2 Rad8 18. Rfd1 Nc8 19. Bh3 Nh7 20. f4 c5 21. Nd5 Qb8 22. e7 1-0

[Event "IBCA EU-ch blind 05th"]
[Site "Rhodes"]
[Date "2011.09.14"]
[Round "8"]
[White "Zoltek, Tadeusz"]
[Black "Nistor, Mihai"]
[Result "1-0"]
[WhiteElo "2169"]
[BlackElo "1951"]
[PlyCount "89"]
[EventDate "2011.09.06"]
[EventType "swiss"]
[EventRounds "9"]
[EventCountry "GRE"]
[SourceTitle "CBM 144 Extra"]
[Source "ChessBase"]
[SourceDate "2011.10.28"]
[SourceVersion "1"]
[SourceVersionDate "2011.10.28"]
[SourceQuality "1"]

1. Nf3 Nf6 2. d4 e6 3. Bg5 d5 4. e3 Be7 5. c4 c6 6. Nc3 0-0 7. Bd3 Nbd7 8. 0-0 dxc4 9. Bxc4 b5 10. Bd3 Bb7 11. Rc1 a6 12. Bxf6 Nxf6 13. Ne4 Rc8 14. Nc5 Bxc5 15. dxc5 Qd5 16. Bb1 Rfd8 17. Qc2 Qh5 18. h3 g5 19. Qc3 Qh6 20. Qe5 Rd5 21. Qg3 Nh5 22. Qg4 Nf6 23. Qb4 a5 24. Qxa5 g4 25. hxg4 Nxg4 26. Rfd1 Rh5 27. Kf1 b4 28. Ke2 e5 29. Qxb4 Ba6+ 30. Bd3 Bxd3+ 31. Rxd3 Qe6 32. Rd6 Qf5 33. e4 Qf4 34. Rcd1 Nf6 35. g3 Qxe4+ 36. Qxe4 Nxe4 37. Rd8+ Rxd8 38. Rxd8+ Kg7 39. Re8 f6 40. Re7+ Kf8 41. Rc7 Nxc5 42. Rxc6 Ne4 43. Nd2 Nxd2 44. Kxd2 Rh1 45. Rxf6+ 1-0

[Event "IBCA EU-ch blind 05th"]
[Site "Rhodes"]
[Date "2011.09.10"]
[Round "5"]
[White "Fries, Werner"]
[Black "Nistor, Mihai"]
[Result "0-1"]
[WhiteElo "1662"]
[BlackElo "1951"]
[PlyCount "57"]
[EventDate "2011.09.06"]
[EventType "swiss"]
[EventRounds "9"]
[EventCountry "GRE"]
[SourceTitle "CBM 144 Extra"]
[Source "ChessBase"]
[SourceDate "2011.10.28"]
[SourceVersion "1"]
[SourceVersionDate "2011.10.28"]
[SourceQuality "1"]

1. e4 c5 2. Nf3 e6 3. Nc3 a6 4. d3 b5 5. Bd2 Bb7 6. Ne2 g6 7. Bc3 Nf6 8. Qd2 Bg7 9. Ba5 Qe7 10. Ng3 Nc6 11. Bc3 b4 12. Bxf6 Bxf6 13. c3 h5 14. h4 bxc3 15. bxc3 d5 16. Rb1 Ne5 17. Be2 Rd8 18. Nxe5 Bxe5 19. d4 dxe4 20. Qg5 Bf6 21. Qxc5 Qxc5 22. dxc5 Bxc3+ 23. Kf1 Bd5 24. Rc1 Be5 25. c6 a5 26. c7 Rc8 27. Bb5+ Ke7 28. Rh3 Rxc7 29. Rxc7+ 0-1

[Event "IBCA World Cup 6th"]
[Site "Calimanesti"]
[Date "2010.04.24"]
[Round "3.2"]
[White "Nistor, Mihai"]
[Black "Gunajew, Rafal"]
[Result "0-1"]
[WhiteElo "1918"]
[BlackElo "2244"]
[PlyCount "44"]
[EventDate "2010.04.21"]
[EventType "team-tourn"]
[EventRounds "7"]
[EventCountry "ROU"]
[SourceTitle "EXT 2011"]
[Source "ChessBase"]
[SourceDate "2010.11.26"]
[SourceVersion "1"]
[SourceVersionDate "2010.11.26"]
[SourceQuality "1"]
[WhiteTeam "Romania (blind)"]
[BlackTeam "Poland (blind)"]
[WhiteTeamCountry "ROU"]
[BlackTeamCountry "POL"]

1. e4 c5 2. Nf3 d6 3. d4 cxd4 4. Nxd4 Nf6 5. Nc3 a6 6. Be3 e5 7. Nb3 Be6 8. f3 Be7 9. Qd2 0-0 10. 0-0-0 a5 11. Qf2 a4 12. Na5 Qc8 13. Bb6 a3 14. Nd5 Bxd5 15. exd5 axb2+ 16. Kxb2 Nbd7 17. Nc4 Ra4 18. Kb3 Qa8 19. c3 Rc8 20. Be3 Qa6 21. Nb2 Ra3+ 22. Kc2 Qa5 0-1

[Event "IBCA World Cup 6th"]
[Site "Calimanesti"]
[Date "2010.04.21"]
[Round "1.3"]
[White "Avram, Veso"]
[Black "Nistor, Mihai"]
[Result "1-0"]
[WhiteElo "2142"]
[BlackElo "1918"]
[PlyCount "79"]
[EventDate "2010.04.21"]
[EventType "team-tourn"]
[EventRounds "7"]
[EventCountry "ROU"]
[SourceTitle "EXT 2011"]
[Source "ChessBase"]
[SourceDate "2010.11.26"]
[SourceVersion "1"]
[SourceVersionDate "2010.11.26"]
[SourceQuality "1"]
[WhiteTeam "Serbia (blind)"]
[BlackTeam "Romania (blind)"]
[WhiteTeamCountry "SRB"]
[BlackTeamCountry "ROU"]

1. d4 Nf6 2. c4 e6 3. Nc3 d5 4. cxd5 exd5 5. Bg5 Be7 6. e3 Nbd7 7. Bd3 c6 8. Qc2 0-0 9. Nge2 Re8 10. h3 Nf8 11. 0-0-0 b5 12. g4 a5 13. Ng3 g6 14. Kb1 a4 15. Nce2 Bd7 16. Bf4 b4 17. Qd2 Be6 18. Rdg1 Qa5 19. Nf5 Ne4 20. Bxe4 dxe4 21. Be5 Nd7 22. Nxe7+ Rxe7 23. Bf4 Bxa2+ 24. Ka1 a3 25. b3 Bxb3 26. Rb1 Bc4 27. Nc1 b3 28. Nxb3 Qd5 29. Qc3 Nb6 30. Qb4 a2 31. Rb2 Na4 32. Qxe7 Nxb2 33. Qb7 Ra3 34. Qb8+ Kg7 35. Bh6+ Kxh6 36. Qf8+ Kg5 37. Qxa3 Nd3 38. Nd2 Nxf2 39. Rc1 Bb5 40. Rc5 1-0

[Event "IBCA-ol blind 13th"]
[Site "Heraklion"]
[Date "2008.10.28"]
[Round "9.4"]
[White "Dimov, Daniel"]
[Black "Nistor, Mihai"]
[Result "1/2-1/2"]
[WhiteElo "1400"]
[BlackElo "1954"]
[PlyCount "129"]
[EventDate "2008.10.19"]
[EventType "team-swiss"]
[EventRounds "9"]
[EventCountry "GRE"]
[SourceTitle "EXT 2010"]
[Source "ChessBase"]
[SourceDate "2010.11.25"]
[SourceVersion "1"]
[SourceVersionDate "2010.11.25"]
[SourceQuality "1"]
[WhiteTeam "Macedonia (blind)"]
[BlackTeam "Romania (blind)"]
[WhiteTeamCountry "MKD"]
[BlackTeamCountry "ROU"]

1. c4 Nf6 2. d4 c6 3. Nc3 d5 4. e3 e6 5. Nf3 Nbd7 6. Bd3 dxc4 7. Bxc4 b5 8. Bd3 Bb7 9. Bd2 Be7 10. Rc1 a6 11. 0-0 c5 12. Be2 0-0 13. a3 Rc8 14. dxc5 Nxc5 15. b4 Nce4 16. Nxe4 Nxe4 17. Rxc8 Qxc8 18. Qb1 Rd8 19. Rc1 Qa8 20. Bc3 Nxc3 21. Rxc3 Bf6 22. Rd3 Rc8 23. Qd1 Bd5 24. Ne1 Qc6 25. Bf3 Bxf3 26. Nxf3 Qc1 27. Ne1 Qxd1 28. Rxd1 Kf8 29. Kf1 Rc3 30. Rd3 Rc1 31. Ke2 Ke7 32. Kd2 Ra1 33. Nc2 Rb1 34. h3 g5 35. e4 Be5 36. g3 h5 37. Ke3 Rh1 38. Nd4 Bxd4+ 39. Kxd4 Rxh3 40. Kc5 Rh1 41. Kb6 h4 42. gxh4 gxh4 43. Kxa6 h3 44. Kxb5 h2 45. Rh3 Ra1 46. Rxh2 Rxa3 47. Kb6 Ra2 48. b5 Kd6 49. Kb7 Rb2 50. Kb6 f6 51. Rg2 Ra2 52. Rg1 Rxf2 53. Rd1+ Ke5 54. Rb1 Kxe4 55. Kb7 Rc2 56. b6 f5 57. Kb8 f4 58. b7 e5 59. Ka7 Rc7 60. Ka8 Rxb7 61. Kxb7 f3 62. Kc6 Kd4 63. Rd1+ Kc4 64. Rc1+ Kd4 65. Rd1+ 1/2-1/2

[Event "IBCA-ol blind 13th"]
[Site "Heraklion"]
[Date "2008.10.21"]
[Round "3.4"]
[White "Nistor, Mihai"]
[Black "Cizman, Gregor"]
[Result "1/2-1/2"]
[WhiteElo "1954"]
[BlackElo "1867"]
[PlyCount "50"]
[EventDate "2008.10.19"]
[EventType "team-swiss"]
[EventRounds "9"]
[EventCountry "GRE"]
[SourceTitle "EXT 2010"]
[Source "ChessBase"]
[SourceDate "2010.11.25"]
[SourceVersion "1"]
[SourceVersionDate "2010.11.25"]
[SourceQuality "1"]
[WhiteTeam "Romania (blind)"]
[BlackTeam "Slovenia (blind)"]
[WhiteTeamCountry "ROU"]
[BlackTeamCountry "SLO"]

1. d4 d5 2. c4 c6 3. Nc3 Nf6 4. Nf3 e6 5. e3 a6 6. Qc2 b5 7. c5 Nbd7 8. b4 Bb7 9. Bb2 g6 10. Bd3 Bg7 11. 0-0 0-0 12. e4 dxe4 13. Nxe4 Nxe4 14. Bxe4 Qc7 15. Rfe1 Rfe8 16. Rad1 Rad8 17. g3 Nf6 18. Ne5 Nd5 19. a3 Nf6 20. f4 Nxe4 21. Qxe4 Rd5 22. Rd3 f5 23. Qf3 Bxe5 24. dxe5 Rxd3 25. Qxd3 Rd8 1/2-1/2